| 000 | 01257cab a2200265 4500 | ||
|---|---|---|---|
| 001 | ABS58326 | ||
| 008 | 090401t1998 xxu||||| |||| 00| 0 eng d | ||
| 035 | _a(Sirsi) u84416 | ||
| 041 | _aeng | ||
| 245 | _aRedrow Homes Ltd and another v Bett Bros plc and another | ||
| 260 | _c1998 | ||
| 350 | _a0 | ||
| 490 |
_aAll England Law Reports _v[1998] 1 All ER 385-393(5) |
||
| 520 | _aHL 22 January 1998. R who were residential developers of detached houses of which they owned the copyright brought an action for infringement of copyright against B, who were also builders. R claimed for account of profits and additional damages under Copyright, Design and Patents Act 1988 s97.The Lord Ordinary allowed R`s claims but the Second Division of the Court of Session reversed the decision in relation to additonal damages. R appealed to the House of Lords. Appeal dismissed. | ||
| 650 | _aCALA HOMES (SOUTH) LTD V ALFRED MCALPINE HOMES EAST LTD | ||
| 650 | _aCOPYRIGHT DESIGNS AND PATENTS ACT 1988 | ||
| 650 | _aCOPYRIGHT INFRINGEMENT | ||
| 650 | _aCOPYRIGHT | ||
| 650 | _aDAMAGES | ||
| 650 | _aHOUSE DESIGNS | ||
| 650 | _aREDROW HOMES LTD AND ANOTHER V BETT BROS PLC AND ANOTHER | ||
| 690 | _aLAW-CASE LAW | ||
| 942 | _n0 | ||
| 948 | _c23/02/1998 | ||
| 999 |
_c53049 _d53049 |
||